Impact of Fiscal Councils on Fiscal Stability dizertačná práca
Guardado en:
| Autor principal: | |
|---|---|
| Autor Corporativo: | |
| Otros Autores: | |
| Formato: | Libro |
| Lenguaje: | inglés |
| Publicado: |
Bratislava
2024
|
| Materias: | |
| Etiquetas: |
Sin Etiquetas, Sea el primero en etiquetar este registro!
|
MARC
| LEADER | 00000nbm a2200000 4500 | ||
|---|---|---|---|
| 001 | 0304021 | ||
| 005 | 20241009134111.6 | ||
| 041 | 0 | |a eng | |
| 044 | |a SK | ||
| 245 | 1 | 0 | |a Impact of Fiscal Councils on Fiscal Stability |b dizertačná práca |c Hussein Mkiyes ; školiteľ: Anetta Čaplánová |
| 264 | 1 | |a Bratislava |c 2024 | |
| 300 | |a 96 s. | ||
| 610 | 2 | 0 | |a udržateľnosť fiškálna |
| 610 | 2 | 0 | |a rozpočet štátny |
| 610 | 2 | 0 | |a deficit rozpočtový |
| 610 | 2 | 0 | |a dlhy verejné |
| 610 | 2 | 0 | |a príjmy rozpočtu štátneho |
| 610 | 2 | 0 | |a výdavky rozpočtu štátneho |
| 610 | 2 | 0 | |a Európska únia |
| 100 | 1 | |a Mkiyes, Hussein, 1996- | |
| 700 | 1 | |a Čaplánová, Anetta, 1967- | |
| 710 | 2 | |a Národohospodárska fakulta EU. Katedra ekonómie | |